000 02165cam a22006734i 4500
003 PE-LiUPU
005 20260505104230.0
008 150617s1973 sp r 000 0 spa d
020 _a8425302390
020 _a9788425302398
035 _a(Sirsi) i9788425302398
040 _aPE-LiUPU
_bspa
_cPE-LiUPU
_dPE-LiUPU
_erda
041 1 _aspa
_heng
049 _aPRUA
082 0 4 _a158.1
_bP358n
_220
100 1 _aPeale, Norman Vincent,
_d1898-1993
_eautor.
_98515
245 1 3 _aEl nuevo arte de vivir /
_cNorman Vincent Peale; [traducido por Amparo García Burgos].
250 _aPrimera edición.
264 1 _aBarcelona :
_bEdiciones Grijalbo,
_c1973.
300 _a144 páginas ;
_c21 cm
336 _atext
_2rdacontent
337 _aunmediated
_2rdamedia
338 _avolume
_2rdacarrier
490 0 _aObras completas de Norman Vincent Peale ;
_v11
500 _a1a. ed. 1973, 3a. ed. 1979.
505 0 _aUnas palabras al lector -- Compréndase a sí mismo -- Cómo librarse de las preocupaciones -- Tomándose tiempo para vivir -- Cómo disfrutar de paz interior -- El descubrimiento de la felicidad -- La huida del temor -- Técnica del poder espiritual -- Cómo vivir en época como ésta -- El poder curativo de Cristo -- ¿Por qué no probar con Dios?.
526 _aSEG68
526 _aSEG70
526 _aSEG69
526 _aSEG67
526 _aSEG43
526 _aP144
526 _aP143
526 _aP131
526 _aP122
526 _aP120
526 _aP117
526 _aP112
526 _aP110
526 _aP106
526 _aP101
526 _aP80
526 _aP59
526 _aP54
526 _aP35
526 _aP33
526 _aP30
534 _aTítulo original :
_tThe new art of living.
650 1 4 _aAutoayuda
_98537
650 2 4 _aPensamiento positivo
_98517
650 2 4 _aDesarrollo personal
_98159
650 2 4 _aVida espiritual
_91182
700 1 _aGarcía Burgos, Amparo,
_etraductor.
910 _ajck
942 _2ddc
_cBK
980 _818226
_gJaime Vilcazán Jefe de Análisis Documental
999 _c1399
_d1399